| 000 | 01083nam a22001817a 4500 | ||
|---|---|---|---|
| 003 | BDDh-ASL | ||
| 005 | 20231015031030.0 | ||
| 008 | 221014n ii ||||| |||| 00| 0 u d | ||
| 040 |
_aBDDh-ASL _cBDDh-ASL |
||
| 041 | _aurd | ||
| 082 |
_a297.4 _bAHR |
||
| 100 | 1 |
_96689 _aAhmeduddin |
|
| 245 | 1 | 0 | _aRayahinul Abedin : / ریاحین العابدین |
| 260 |
_aDelhi : _bFaruqi Press , |
||
| 300 |
_a860 p. : _c26 cm. |
||
| 650 | 0 |
_aSufism, ˈso͞ofˌizəm, সুফিবাদ, Suphibāda, রহস্যবাদ, obscurantism, সুফি-পীর-দরবেশ, Suphi-pīra-darabēśa, Sufi-pir-dervish, পীর-দরবেশ, Pīra-darabēśa, Peer-Darbesh, ওলী-আউলিয়ার, Ōlī-ā'uliẏāra, Oli-Auliar, yogi, ˈyōɡē, যোগী, Yōgī, সন্ন্যাসী, Sann'yāsī, monastic, ভিক্ষু, ধর্মার্থ মঠবাসী ব্যক্তি, recluse, monk, নির্জনবাসী ব্যক্তি, saint, sānt, সাধু, Sādhu, সন্ত, patron saint _92764 |
|
| 942 |
_2ddc _cBK |
||
| 999 |
_c29471 _d29471 |
||